000
00332 a2200145 4500
001
151257
040
_c
Escola São Tomás de Aquino
100
_a
CASASANTA, Therezinha
240
1
0
_a
Três numa árvore
_l
por
245
1
0
_a
Três numa árvore
300
_a
24
440
1
_a
Bakana
697
_a
*LITERATURA INFANTO
942
_c
BK
999
_c
151257
_d
151257